100 Most Common French Verbs - Statistics

General Stats
  • This quiz has been taken 1,239 times
    1,060 since last reset
  • The average score is 65 of 100
Answer Stats
Hint Answer % Correct
Être To be
99%
Avoir To have
97%
Aller To go
96%
Faire To do
93%
Dire To say
91%
Voir To see
91%
Gagner To win
91%
Connaître | Savoir To know
89%
Parler To speak
89%
Penser To think
89%
Comprendre To understand
89%
Continuer To continue
88%
Jouer To play
88%
Lire To read
88%
Accepter To accept
87%
Aimer To like
87%
Vivre To live
87%
Prendre To take
87%
Arriver To arrive
86%
Trouver To find
86%
Donner To give
86%
Laisser | Partir To leave
85%
Demander To ask
84%
Choisir To choose
84%
Décider To decide
84%
Présenter To present
84%
Travailler To work
84%
Changer To change
83%
Venir To come
83%
Refuser To refuse
83%
Vouloir To want
83%
Exister To exist
81%
Ouvrir To open
81%
Passer To pass
81%
Toucher To touch
81%
Utiliser To use
81%
Considérer To consider
80%
Servir To serve
80%
Écrire To write
80%
Entrer To enter
78%
Appeler To call
77%
Commencer To begin
76%
Occuper To occupy
75%
Préparer To prepare
75%
Mettre To put
75%
Rester To stay
75%
Expliquer To explain
74%
Proposer To propose
74%
Croire To believe
73%
Risquer To risk
72%
Perdre To lose
71%
Représenter To represent
70%
Attendre To wait
70%
Assurer To assure
69%
Défendre To defend
69%
Compter To count
67%
Obtenir To obtain
67%
Recevoir To receive
67%
Importer To import
66%
Apprendre To learn
65%
Produire To produce
64%
Essayer To try
63%
Chercher To search
59%
Concerner To concern
58%
Entendre To hear
58%
Pouvoir To be able to
57%
Suivre To follow
57%
Devoir To have to
57%
Permettre To permit
57%
Porter To wear
57%
Devenir To become
55%
Créer To create
53%
Sortir To go out
53%
Répondre To answer
51%
Montrer To show
51%
Recontrer To meet
45%
Revenir To come back
44%
Ajouter To add
43%
Apporter To bring
43%
Tenir To hold
43%
Rendre To return
40%
Sembler To seem
36%
Agir To act
34%
Reconnaître To recognize
31%
Réussir To succeed
31%
Falloir To need
29%
Tirer To pull
26%
Rappeler To call back
18%
Mener To lead
18%
Appartenir To belong
17%
Remettre To replace
16%
Empêcher To prevent
12%
Relever To raise
11%
Tenter To tempt
10%
Poser To put down
8%
Retrouver To meet up
6%
Reprendre To resume
4%
Atteindre To acheive
3%
No matching quizzes found
Score Distribution
Percent of People with Each Score
Percentile by Number Answered
Your Score History
You have not taken this quiz since the last reset